[Event "Fide Mercenarios 8th"]
[Site "Mexico City"]
[Date "1995.??.??"]
[Round "4"]
[White "Anaya Echeverria, Javier"]
[Black "Hack, Bolivar"]
[Result "1/2-1/2"]
[WhiteElo "2105"]
[BlackElo "2015"]
[PlyCount "101"]
[EventDate "1995.??.??"]
[EventType "tourn"]
[EventRounds "11"]
[EventCountry "MEX"]
[SourceTitle "EXT 2000"]
[Source "ChessBase"]
[SourceDate "1999.11.16"]
[SourceVersion "1"]
[SourceVersionDate "1999.11.16"]
[SourceQuality "1"]

1. c4 Nf6 2. Nc3 g6 3. g3 Bg7 4. Bg2 0-0 5. Nf3 c5 6. d4 cxd4 7. Nxd4 Nc6 8. Nxc6 dxc6 9. 0-0 Be6 10. Qb3 Qb6 11. Be3 Qxb3 12. axb3 a6 13. Bc5 Rfe8 14. Rad1 Nd7 15. Bd4 Rad8 16. Bxg7 Kxg7 17. Ne4 h6 18. Rd4 f5 19. Nc3 Nc5 20. Rxd8 Rxd8 21. b4 Nb3 22. b5 Bxc4 23. bxc6 bxc6 24. Bxc6 Nd4 25. Bb7 Nxe2+ 26. Nxe2 Bxe2 27. Ra1 Rd6 28. Re1 Rd7 29. b3 Rd1 30. Rxd1 Bxd1 31. Bxa6 Bxb3 32. f4 Kf6 33. Kf2 Ke6 34. Ke3 Kd5 35. Bb7+ Kc4 36. h4 Kc3 37. Bc6 Bd1 38. Be8 Bh5 39. Bf7 Kc2 40. Be6 Kd1 41. Bb3+ Ke1 42. Bc4 Bg4 43. Bb5 Bh3 44. Bc4 Bf1 45. Bf7 Bb5 46. Bxg6 Bd7 47. Bh5 Bc6 48. Be2 Bg2 49. Bd3 e6 50. Bc4 Bd5 51. Bd3 1/2-1/2

[Event "Fide Mercenarios 6th"]
[Site "Mexico City"]
[Date "1995.??.??"]
[Round "6"]
[White "Hack, Bolivar"]
[Black "Araiza Munoz, Victor Fernando"]
[Result "1/2-1/2"]
[WhiteElo "2015"]
[BlackElo "2015"]
[PlyCount "41"]
[EventDate "1995.??.??"]
[EventType "tourn"]
[EventRounds "11"]
[EventCountry "MEX"]
[SourceTitle "EXT 2000"]
[Source "ChessBase"]
[SourceDate "1999.11.16"]
[SourceVersion "1"]
[SourceVersionDate "1999.11.16"]
[SourceQuality "1"]

1. d4 Nf6 2. c4 g6 3. Nc3 Bg7 4. e4 d6 5. Nf3 0-0 6. Be2 Nbd7 7. 0-0 e5 8. Bg5 Re8 9. d5 h6 10. Bh4 g5 11. Bg3 Nc5 12. Nd2 a5 13. a3 a4 14. f3 Bd7 15. b4 axb3 16. Nxb3 Na4 17. Qd2 Nh5 18. Bf2 Nf4 19. Nxa4 Bxa4 20. Rfb1 b6 21. Bd1 1/2-1/2

[Event "Fide Mercenarios 8th"]
[Site "Mexico City"]
[Date "1995.??.??"]
[Round "6"]
[White "Hack, Bolivar"]
[Black "Pastrana Rodriguez, Cesar"]
[Result "0-1"]
[WhiteElo "2015"]
[BlackElo "2145"]
[PlyCount "76"]
[EventDate "1995.??.??"]
[EventType "tourn"]
[EventRounds "11"]
[EventCountry "MEX"]
[SourceTitle "EXT 2000"]
[Source "ChessBase"]
[SourceDate "1999.11.16"]
[SourceVersion "1"]
[SourceVersionDate "1999.11.16"]
[SourceQuality "1"]

1. e4 e5 2. Nf3 Nc6 3. Bb5 f5 4. Nc3 fxe4 5. Nxe4 d5 6. Nxe5 dxe4 7. Qh5+ g6 8. Nxg6 hxg6 9. Qxh8 Be6 10. d4 Kf7 11. Qh7+ Bg7 12. Bxc6 bxc6 13. Be3 Bg4 14. h3 Bh5 15. g4 Nf6 16. Bg5 Nxh7 17. Bxd8 Rxd8 18. gxh5 gxh5 19. c3 Ng5 20. Ke2 Nf3 21. b4 Bh6 22. Rad1 Ke6 23. Rb1 Bd2 24. Rb3 Bf4 25. Rb2 h4 26. Rd1 Rg8 27. b5 Ng1+ 28. Kf1 cxb5 29. Rxb5 Nxh3 30. Re1 Rg1+ 31. Ke2 Rg2 32. Rf1 Bg3 33. Ke3 Rxf2 34. Rxf2 Nxf2 35. Rh5 h3 36. c4 h2 37. Rxh2 Bxh2 38. Kxf2 Bf4 0-1

[Event "Fide Mercenarios 8th"]
[Site "Mexico City"]
[Date "1995.??.??"]
[Round "5"]
[White "Hack, Bolivar"]
[Black "Vargas, JL."]
[Result "0-1"]
[WhiteElo "2015"]
[BlackElo "2000"]
[PlyCount "56"]
[EventDate "1995.??.??"]
[EventType "tourn"]
[EventRounds "11"]
[EventCountry "MEX"]
[SourceTitle "EXT 2000"]
[Source "ChessBase"]
[SourceDate "1999.11.16"]
[SourceVersion "1"]
[SourceVersionDate "1999.11.16"]
[SourceQuality "1"]

1. d4 Nf6 2. c4 e6 3. Nf3 Bb4+ 4. Bd2 Qe7 5. a3 Bxd2+ 6. Qxd2 Ne4 7. Qc2 f5 8. Nc3 Ng5 9. h4 Nxf3+ 10. exf3 0-0 11. Bd3 Nc6 12. Ne2 Qf6 13. Qc3 e5 14. dxe5 Nxe5 15. 0-0-0 f4 16. Nd4 d6 17. Be4 c6 18. Qc2 h6 19. g4 fxg3 20. fxg3 Be6 21. b3 Bf7 22. Nf5 d5 23. Bd3 Nxd3+ 24. Qxd3 dxc4 25. bxc4 Rad8 26. Nd6 Bg6 27. Qd4 Rxd6 28. Qxd6 Qc3# 0-1

[Event "Fide Mercenarios 1st"]
[Site "Mexico City"]
[Date "1994.??.??"]
[Round "2"]
[White "De Winter, Willy"]
[Black "Hack, Bolivar"]
[Result "1-0"]
[WhiteElo "2175"]
[BlackElo "2000"]
[PlyCount "117"]
[EventDate "1994.??.??"]
[EventType "tourn"]
[EventRounds "11"]
[EventCountry "MEX"]
[SourceTitle "EXT 2000"]
[Source "ChessBase"]
[SourceDate "1999.11.16"]
[SourceVersion "1"]
[SourceVersionDate "1999.11.16"]
[SourceQuality "1"]

1. d4 Nf6 2. c4 c5 3. d5 d6 4. Nc3 e6 5. e4 exd5 6. cxd5 Be7 7. Be2 0-0 8. f4 Nbd7 9. Nf3 Re8 10. 0-0 Bf8 11. Qc2 a6 12. a4 g6 13. Bd2 Bg7 14. Rae1 Qc7 15. b3 b6 16. Bc4 Bb7 17. e5 dxe5 18. fxe5 Ng4 19. d6 Qb8 20. e6 fxe6 21. Rxe6 Kh8 22. Rxg6 hxg6 23. Qxg6 Ngf6 24. Bh6 Rg8 25. Ng5 Ne5 26. Bxg7+ Rxg7 27. Qxf6 Nxc4 28. bxc4 Qe8 29. Nd5 Bxd5 30. h4 Bxc4 31. Rf4 Bg8 32. h5 Qxh5 33. Rh4 Qxh4 34. Nf7+ Bxf7 35. Qxh4+ Kg8 36. d7 Rg6 37. d8Q+ Rxd8 38. Qxd8+ Kg7 39. Qd3 c4 40. Qd4+ Kg8 41. Qe5 a5 42. Kf2 Rc6 43. Qe4 Rc7 44. Qh4 Rc6 45. Qg4+ Kf8 46. Qe4 Rf6+ 47. Kg3 Kg7 48. Qe5 Kg6 49. Kh4 Rf5 50. Qd6+ Rf6 51. Qd4 Kf5 52. g4+ Kg6 53. Qe4+ Kg7 54. Qe5 Kg6 55. Qg5+ Kh7 56. Qxf6 Bg6 57. Kg5 Bd3 58. Qf7+ Kh8 59. Kh6 1-0

[Event "Merida 20th"]
[Site "Merida"]
[Date "1994.??.??"]
[Round "?"]
[White "Hack, Bolivar"]
[Black "Bernal, S."]
[Result "0-1"]
[WhiteElo "1970"]
[BlackElo "1775"]
[PlyCount "80"]
[EventDate "1994.??.??"]
[EventType "swiss"]
[EventRounds "9"]
[EventCountry "MEX"]
[SourceTitle "EXT 2005"]
[Source "ChessBase"]
[SourceDate "2004.11.15"]
[SourceVersion "1"]
[SourceVersionDate "2004.11.15"]
[SourceQuality "1"]

1. e4 e5 2. Nf3 Nc6 3. Bb5 d6 4. d4 exd4 5. Nxd4 Bd7 6. 0-0 a6 7. Bxc6 Bxc6 8. Nxc6 bxc6 9. Nc3 Nf6 10. Bg5 Be7 11. Re1 0-0 12. Qf3 h6 13. Bh4 Nh7 14. Bxe7 Qxe7 15. Rad1 Rab8 16. b3 Qe5 17. Qd3 Nf6 18. Qc4 Ng4 19. g3 Qh5 20. h4 Ne5 21. Qe2 Qg6 22. Kg2 f5 23. exf5 Rxf5 24. Qxa6 Rbf8 25. Qf1 Rxf2+ 26. Qxf2 Rxf2+ 27. Kxf2 Qxc2+ 28. Ne2 Nd3+ 29. Rxd3 Qxd3 30. Nf4 Qd4+ 31. Kf3 Kf7 32. Ne6 Qf6+ 33. Kg4 Qb2 34. Nd8+ Kf8 35. Ne6+ Kf7 36. Nd8+ Kf8 37. Ne6+ Kg8 38. Rf1 Qe2+ 39. Rf3 Qxe6+ 40. Kh5 Kh7 0-1

[Event "Fide Mercenarios 1st"]
[Site "Mexico City"]
[Date "1994.??.??"]
[Round "7"]
[White "Hack, Bolivar"]
[Black "Guevara, Mario"]
[Result "0-1"]
[WhiteElo "2000"]
[BlackElo "2265"]
[PlyCount "106"]
[EventDate "1994.??.??"]
[EventType "tourn"]
[EventRounds "11"]
[EventCountry "MEX"]
[SourceTitle "EXT 2000"]
[Source "ChessBase"]
[SourceDate "1999.11.16"]
[SourceVersion "1"]
[SourceVersionDate "1999.11.16"]
[SourceQuality "1"]

1. c4 e5 2. Nc3 Nf6 3. Nf3 Nc6 4. d4 e4 5. Ng5 Bb4 6. g3 h6 7. Nh3 0-0 8. Bg2 Bxc3+ 9. bxc3 d6 10. 0-0 Bf5 11. Nf4 Ne7 12. Qb3 Qd7 13. Nd5 Nexd5 14. cxd5 b6 15. a4 c6 16. c4 cxd5 17. cxd5 Qb7 18. Ba3 Rfd8 19. f3 Rac8 20. Rac1 Qa6 21. Qb5 Qxb5 22. axb5 exf3 23. Bxf3 Be4 24. Bxe4 Nxe4 25. Bb4 Rxc1 26. Rxc1 Nf6 27. Rc6 Nxd5 28. Bxd6 Ne3 29. Bf4 Nf5 30. e3 g5 31. Bc7 Re8 32. Rf6 Nxe3 33. Rxh6 Nf5 34. Rh5 f6 35. d5 Re1+ 36. Kf2 Rd1 37. Bb8 Rxd5 38. Bxa7 Rxb5 39. h4 Rb2+ 40. Kf3 Rb3+ 41. Kg4 Ng7 42. Rh6 Rb4+ 43. Kh3 g4+ 44. Kg2 Rb2+ 45. Kg1 Kf7 46. Rh8 Nf5 47. Bb8 b5 48. Bf4 b4 49. Rb8 Nd4 50. Rb7+ Kg6 51. Bd6 b3 52. Rb6 Rd2 53. Kf1 b2 0-1

[Event "Merida 20th"]
[Site "Merida"]
[Date "1994.??.??"]
[Round "?"]
[White "Trincado, Juan Fernando"]
[Black "Hack, Bolivar"]
[Result "1-0"]
[WhiteElo "2200"]
[BlackElo "1970"]
[PlyCount "63"]
[EventDate "1994.??.??"]
[EventType "swiss"]
[EventRounds "9"]
[EventCountry "MEX"]
[SourceTitle "EXT 2005"]
[Source "ChessBase"]
[SourceDate "2004.11.15"]
[SourceVersion "1"]
[SourceVersionDate "2004.11.15"]
[SourceQuality "1"]

1. d4 d5 2. c4 c6 3. Nf3 Nf6 4. e3 e6 5. Nc3 Nbd7 6. Qc2 Bd6 7. Bd2 0-0 8. 0-0-0 dxc4 9. Bxc4 b5 10. Bd3 a5 11. Kb1 a4 12. e4 e5 13. dxe5 Nxe5 14. Nxe5 Bxe5 15. f4 Bxc3 16. Bxc3 Bg4 17. Be2 Qc8 18. Bxf6 Bxe2 19. Qxe2 gxf6 20. Rd6 f5 21. e5 Rd8 22. Rhd1 Qc7 23. Qh5 Rxd6 24. exd6 Qd7 25. Qg5+ Kf8 26. Qh6+ Kg8 27. Rd3 f6 28. Qxf6 h5 29. Rg3+ Kh7 30. Qg6+ Kh8 31. Qh6+ Qh7 32. Qf6+ 1-0